000 00849cad a22002055a 4500
001 E149190
008 100128s2010 xxk f 000 0 eng d
035 _a(Sirsi) u149190
041 0 _aeng
100 1 _aFreshwater, Neil
245 0 0 _aTenancy deposit protection in Scotland
_bdiscussion paper, December 2009
_h[electronic resource]
260 _aEdinburgh
_bRICS Scotland
_c2009
520 _aSets out the various options for a tenancy protection scheme in Scotland, and invites comments on the various alternatives.
521 _aAdvanced
590 _aKA
651 4 _aScotland
_y1999-
690 _aPROPERTY-RESIDENTIAL PROPERTY-RESIDENTIAL LANDLORD AND TENANT-RESIDENTIAL TENANCIES
856 4 0 _uhttps://www.rics.org/site/scripts/download_info.aspx?fileID=5490&categoryID=494
_zView the discussion paper at www.rics.org...
942 _n0
999 _c110402
_d110402